[Event "NOR-ch"]
[Site "Asker"]
[Date "2000.07.09"]
[Round "2"]
[White "Glenne, Bjorn Erik"]
[Black "Johansen, Terje"]
[Result "1/2-1/2"]
[WhiteElo "2250"]
[BlackElo "2211"]
[PlyCount "74"]
[EventDate "2000.07.08"]
[EventType "swiss"]
[EventRounds "9"]
[EventCountry "NOR"]
[SourceTitle "CBM 077 Extra"]
[Source "ChessBase"]
[SourceDate "2000.09.14"]
[SourceVersion "1"]
[SourceVersionDate "2000.09.14"]
[SourceQuality "1"]

1. d4 d5 2. c4 c6 3. Nf3 Nf6 4. Nc3 dxc4 5. a4 Na6 6. e3 Be6 7. Ne5 c5 8. Nxc4 cxd4 9. exd4 Nb4 10. Be3 g6 11. Be2 Bg7 12. 0-0 0-0 13. Rc1 Nfd5 14. Qd2 Rc8 15. Nxd5 Nxd5 16. Bh6 Bxh6 17. Qxh6 Nb6 18. Nxb6 Qxb6 19. Rxc8 Rxc8 20. Qd2 Rd8 21. Rd1 Bb3 22. a5 Qf6 23. Rc1 Rxd4 24. Qe3 Be6 25. Bf3 Rb4 26. Qxa7 Qxb2 27. Rd1 Bg4 28. Bxg4 Rxg4 29. h3 Ra4 30. Qc5 Ra1 31. Rxa1 Qxa1+ 32. Kh2 Qb2 33. Qxe7 Qxf2 34. Qxb7 Qf4+ 35. Kh1 Qf1+ 36. Kh2 Qf4+ 37. Kh1 Qf1+ 1/2-1/2

[Event "NOR-ch"]
[Site "Asker"]
[Date "2000.07.08"]
[Round "1"]
[White "Gullaksen, Eirik Tvedt"]
[Black "Glenne, Bjorn Erik"]
[Result "1-0"]
[WhiteElo "2353"]
[BlackElo "2250"]
[PlyCount "51"]
[EventDate "2000.07.08"]
[EventType "swiss"]
[EventRounds "9"]
[EventCountry "NOR"]
[SourceTitle "CBM 077 Extra"]
[Source "ChessBase"]
[SourceDate "2000.09.14"]
[SourceVersion "1"]
[SourceVersionDate "2000.09.14"]
[SourceQuality "1"]

1. e4 c6 2. d4 d5 3. Nc3 dxe4 4. Nxe4 Bf5 5. Ng3 Bg6 6. Bc4 e6 7. N1e2 Bd6 8. Nf4 Nf6 9. c3 Qc7 10. Qf3 Nd5 11. Nxg6 hxg6 12. Ne4 Be7 13. h3 Nd7 14. 0-0 Rh5 15. Ng3 Rh4 16. Re1 N7f6 17. Bg5 Rh7 18. Bb3 Nd7 19. Bxd5 cxd5 20. Bxe7 Kxe7 21. Qxd5 Nf6 22. Qf3 g5 23. d5 g4 24. hxg4 Rah8 25. Rad1 Qb6 26. dxe6 1-0